| 000 | 01001nam0a22002651 4500 | ||
|---|---|---|---|
| 001 | v19\rc\1929065 | ||
| 005 | 20260406155225.0 | ||
| 035 | _a(NLR Aleph) 005014359 | ||
| 090 |
_a6521491 _c6521491 |
||
| 100 | _a20080404d1914 u y0rusy50 ca | ||
| 101 | 0 | _arus | |
| 102 | _aRU | ||
| 105 | _ay b ||||| | ||
| 200 | 1 |
_aСистематический каталог изданий, имеющихся в книжном складе Департамента земледелия _e[По сведениям к 1 окт. 1913 г.] _fГ.У.З. и З. Деп. земледелия |
|
| 210 |
_aСанкт-Петербург _d1914 |
||
| 215 |
_a[2], IV, 28 с. _d23 |
||
| 710 | 0 | 1 |
_aРоссия _bДепартамент земледелия _bКнижный склад _3RU\NLR\AUTH\889930547 _9356630 |
| 801 | 0 |
_aRU _bNLR _gpsbo |
|
| 801 | 0 |
_aRU _bRuMoRGB _2psbo |
|
| 801 | 1 |
_aRU _bProSoft-M _2rusmarc |
|
| 852 |
_aNLR _j671/Д35 |
||
| 899 |
_aRuMoRGB _jЦБС |
||
| 899 | _aНБ МГУ | ||
| 942 | _cBOOK | ||
| 980 | _aNB | ||